Xác suất và thống kê toán

שמור ב:
מידע ביבליוגרפי
מחבר ראשי: Nguyễn Văn Sĩ
פורמט: ספר
שפה:Undetermined
יצא לאור: Tp. HCM ĐHQG 2002
נושאים:
תגים: הוספת תג
אין תגיות, היה/י הראשונ/ה לתייג את הרשומה!
Thư viện lưu trữ: Trung tâm Học liệu Trường Đại học Cần Thơ
LEADER 00504nam a2200181Ia 4500
001 CTU_54611
008 210402s9999 xx 000 0 und d
020 |b 20000 
082 |a 519.2 
082 |b S300 
100 |a Nguyễn Văn Sĩ 
245 0 |a Xác suất và thống kê toán 
245 0 |c Nguyễn Văn Sĩ 
260 |a Tp. HCM 
260 |b ĐHQG 
260 |c 2002 
650 |a probabilities,mathematical statistics 
980 |a Trung tâm Học liệu Trường Đại học Cần Thơ